000 00660nam a22002417a 4500
003 UA-OsUOA
001 45199
007 ta
008 20110927b un ||||| |||| 00| 0 ukr d
100 _aBegin M.
090 _a94(100)
942 _cBK
040 _aUA-OsUOA
_beng
_cUA-OsUOA
_dUA-OsUOA
245 _aWhite Nights
_bThe Story of a Prisoner in Russia
300 _a240 p.
955 _a4
041 _aeng
080 _a94(100)
260 _c1978
650 7 _a9 Географія. Біографії. Історія
_2UDC
999 _c425311
_d425311